000 00610nam a2200229Ia 4500
003 OSt
005 20221007072043.0
006 a|||||r|||| 00| 0
007 ta
008 221006b |||||||| |||| 00| 0 eng d
024 _a24,624
037 _cTextual
040 _aFLL
_cFLL
_beng
041 _2eng
_aeng
082 _aZ3vK6, L0
100 _aVeall Donald
_9689981
245 0 _aPopular movement for law reform
260 _aLondon
_bOxford University Press London
_c1970
300 _axxvi,1-259p
_ccm.
942 _hZ3vK6, L0
_cTEXL
_2CC
999 _c1145092
_d1145092